Pequeñas Empresas Comunitarias de Productos del Bosque, Análisis y Desarrollo de Mercado (Registro nro. 18090)

Detalles MARC
000 -CABECERA
Campo de control 00792nam a22002417a 4500
005 - FECHA Y HORA DE LA ULTIMA TRANSACCION
Campo de control 20200104041737.0
008 - ELEMENTOS DE LONGITUD FIJA—INFORMACION GENERAL
Campo de control 160203b xxu||||| |||| 00| 0 spa d
040 ## - FUENTE DE CATALOGACIÓN
Agencia catalogadora original CO-BoIAVH
Agencia transcriptora CO-BoIAVH
041 ## - IDIOMA
Código de idioma para texto/pista de sonido o título separado Español
090 ## - CLASIFICACIÓN LOCAL
Colección LB-
Consecutivo 05907
100 1# - ASIENTO PRINCIPAL--NOMBRE PERSONAL
Nombre personal Isabelle Lecup
9 (RLIN) 56614
245 1# - MENCION DE TITULO
Título Pequeñas Empresas Comunitarias de Productos del Bosque, Análisis y Desarrollo de Mercado
Parte restante del título Directrices para Facilitadores de Campo
260 ## - PUBLICACION, DISTRIBUCION, ETC. (PIE DE IMPRENTA)
Lugar de publicación, distribución, etc. 2004:
Nombre del editor, distribuidor, etc. FAO,
Fecha de publicación, distribución, etc. [s. i.]
300 ## - DESCRIPCION FISICA
Extensión 223 Paginas
650 #4 - ASIENTO SECUNDARIO DE MATERIA - TERMINO TEMATICO
Término temático o nombre geográfico como elemento de entrada Pequeñas Empresas
9 (RLIN) 20408
650 #4 - ASIENTO SECUNDARIO DE MATERIA - TERMINO TEMATICO
Término temático o nombre geográfico como elemento de entrada Plan de Desarrollo Empresarial
9 (RLIN) 56615
650 #4 - ASIENTO SECUNDARIO DE MATERIA - TERMINO TEMATICO
Término temático o nombre geográfico como elemento de entrada Objetivos Financieros
9 (RLIN) 56616
650 #4 - ASIENTO SECUNDARIO DE MATERIA - TERMINO TEMATICO
Término temático o nombre geográfico como elemento de entrada Productos
9 (RLIN) 2593
650 #4 - ASIENTO SECUNDARIO DE MATERIA - TERMINO TEMATICO
Término temático o nombre geográfico como elemento de entrada Capacitación
9 (RLIN) 92246
650 #4 - ASIENTO SECUNDARIO DE MATERIA - TERMINO TEMATICO
Término temático o nombre geográfico como elemento de entrada Desarrollo Sostenible
9 (RLIN) 278
700 ## - ASIENTO SECUNDARIO - NOMBRE PERSONAL
Nombre personal Ken, Nicholson
9 (RLIN) 56617
942 ## - ELEMENTOS ADICIONALES (KOHA)
Sistema de clasificación Local
Tipo de ítem Informe Técnico
Existencias
Withdrawn status Lost status Sistema de Clasificación Damaged status No para préstamo Colección Inventariado Ubicación Permanente Ubicación actual Fecha de adquisición Total Checkouts Número topográfico Inventario / Código de Barras Date last seen Ejemplar Price effective from Tipo de material
    Local     General Inventariado 2017 Bogotá Bogotá 03/02/2016   LB-05916 039606 03/02/2016 Ej. 1 03/02/2016 Informe Técnico